El arbitraje inversionista-Estado en el sector del medioambiente: la experiencia de México
Guardado en:
| Formato: | Texto |
|---|---|
| Materias: | |
| Etiquetas: |
Agregar Etiqueta
Sin Etiquetas, Sea el primero en etiquetar este registro!
|
MARC
| LEADER | 00000 a a2200000 04500 | ||
|---|---|---|---|
| 001 | 13131 | ||
| 003 | |||
| 040 | |||
| 245 | |a El arbitraje inversionista-Estado en el sector del medioambiente: |b la experiencia de México | ||
| 650 | |a MEDIO AMBIENTE | ||
| 650 | |a INVERSIONES EXTRANJERAS | ||
| 650 | |a ACUERDOS INTERNACIONALES | ||
| 650 | |a DEMANDA | ||
| 650 | |a MEXICO | ||
| 773 | |g volumen 8, número 4; páginas | ||
| 999 | |c 36353 |d 36353 | ||
